000 00836nam a2200205 a 4500
001 000041924
005 20201002035832.0
008 131023s1995 sp 000 0 spa d
020 _a840075153
040 _aDO-SdBNP
_bspa
_cBNPHU
100 1 _aSalicrú Lluch, Roser
_967932
245 1 3 _aEl tráfic de mercaderies a Barcelona segons els comptes de la lleuda de mediona :
_bfebrer de 1434) /
_cRoser Salicrú i Lluch.
260 _aBarcelona :
_bConsell Superior d'Investigacions Cientifiques, Institució Milà i Fontanals,
_c1995.
300 _av. (XIV, 431 p.) ;
_c24 cm.
490 1 _aAnuario de estudios medievales
_v30
500 _aIncluye índices
504 _aBibliografía : p. 419-431
504 _aIncluye referencias bibliográficas y notas al pie de las páginas
830 0 _aAnuario de estudios medievales
_c30
_968444
999 _c41413
_d41413